Ariana Grande Songs - Sudden Death - Statistics

General Stats
  • This quiz has been taken 8,516 times
    3,214 since last reset
  • The average score is 8 of 24
Answers on the Grid
Answers color-coded by a green-red scale on the quiz's grid according to % correct below.
34+35
breathin
Call It What You Want
Dangerous Woman
Del Mar
Don't Look Up
don't wanna break up again
Focus
Forever & Always
get better soon
God is a woman
Greedy
Hands To Myself
i forgot that you existed
imagine
jealousy, jealousy
Let Me Love You
Love Me Harder
mac miller
make up
MONOPOLY
mood ring
my hair
NASA
Nothing Is Ever Enough
outro (end of the world)
perfect for you
Piano
Problem
Put Your Hearts Up
shut up
Sometimes
supernatural
the 1
the light is coming
The Loneliest Time
things i wish you said
Thinking Bout You
we can't be friends (wait for your love)
worst behavior
 
Answer Stats
Answer % Correct
34+35
91%
Dangerous Woman
79%
breathin
75%
God is a woman
58%
Focus
49%
Greedy
37%
Love Me Harder
37%
Problem
37%
we can't be friends (wait for your love)
35%
don't wanna break up again
34%
supernatural
29%
NASA
27%
imagine
25%
Let Me Love You
24%
MONOPOLY
21%
my hair
19%
make up
18%
the light is coming
17%
shut up
15%
Thinking Bout You
15%
worst behavior
14%
Put Your Hearts Up
13%
Piano
12%
Sometimes
11%
No matching quizzes found
Score Distribution
Percent of People with Each Score
Percentile by Number Answered
Your Score History
You have not taken this quiz since the last reset